| 000 | 00685nab a2200229 a 4500 | ||
|---|---|---|---|
| 005 | 20210219161905.0 | ||
| 008 | 991125s1985 mx 000 0 spa u | ||
| 035 | _aUPN01000193897 | ||
| 100 | 1 | _aRodríguez Ayan, María N | |
| 222 | _aESTUDIOS DE PSICOLOGIA | ||
| 245 | _aValidation of Hayamizu and weiners Achievement Goal Questionnaire among uruguayan university students | ||
| 260 | _aMadrid, España | ||
| 300 | _a371-378 | ||
| 362 | 0 | _a2012 Vol. 33, no. 3, nov. | |
| 653 | 0 | _aMETAS ACADEMICAS | |
| 653 | 0 | _aMOTIVACION ESTUDIANTIL | |
| 653 | 0 | _aESTUDIANTE UNIVERSITARIO | |
| 653 | 0 | _aURUGUAY | |
| 700 | 1 | _aRuiz, Miguel A., | |
| 700 | 1 | _ecoaut. | |
| 905 | _aArticulo | ||
| 999 |
_c165998 _d165998 |
||